Russia : a history / (Record no. 8785)
[ view plain ]
| 000 -LEADER | |
|---|---|
| fixed length control field | 01031nam a22001817a 4500 |
| 005 - DATE AND TIME OF LATEST TRANSACTION | |
| control field | 20220224103509.0 |
| 008 - FIXED-LENGTH DATA ELEMENTS--GENERAL INFORMATION | |
| fixed length control field | 220223b ||||| |||| 00| 0 eng d |
| 020 ## - INTERNATIONAL STANDARD BOOK NUMBER | |
| International Standard Book Number | 978019956041 |
| 050 ## - LIBRARY OF CONGRESS CALL NUMBER | |
| Classification number | DK49.R848 |
| 245 ## - TITLE STATEMENT | |
| Title | Russia : a history / |
| Statement of responsibility, etc. | edited by Gregory L. Freeze. |
| 250 ## - EDITION STATEMENT | |
| Edition statement | 3rd ed. |
| 260 ## - PUBLICATION, DISTRIBUTION, ETC. | |
| Place of publication, distribution, etc. | New York : |
| Name of publisher, distributor, etc. | Oxford University Press, |
| Date of publication, distribution, etc. | 2009. |
| 300 ## - PHYSICAL DESCRIPTION | |
| Extent | xxiii, 632 p. : |
| Other physical details | ill., maps ; |
| Dimensions | 20 cm. |
| 500 ## - GENERAL NOTE | |
| General note | Includes index. |
| 505 ## - FORMATTED CONTENTS NOTE | |
| Formatted contents note | Contents: From Kiev to Muscovy: the beginnings to -- Muscovite Russia -- From Muscovy towards -- The Petrine era and after -- The age of enlightenment -- Pre-reform Russia -- Reform and counter reform -- Revolutionary Russia 1890-1914 -- Russia in war and revolution -- The New Economic Policy (NEP) and the revolutionary experiment 1921-1929 -- Building Stalinism 1929-1941 -- The Great fatherland war and late Stalinism 1953-1985 -- A mordern time of troubles from reform to disintegration 1985-1999 -- Rebuilding in Russia. |
| 700 ## - ADDED ENTRY--PERSONAL NAME | |
| Personal name | Freeze, Gregory L. |
| 942 ## - ADDED ENTRY ELEMENTS (KOHA) | |
| Source of classification or shelving scheme | Library of Congress Classification |
| Koha item type | Books |
| Withdrawn status | Lost status | Source of classification or shelving scheme | Damaged status | Not for loan | Home library | Current library | Shelving location | Date acquired | Total Checkouts | Full call number | Barcode | Date last seen | Copy number | Price effective from | Koha item type |
|---|---|---|---|---|---|---|---|---|---|---|---|---|---|---|---|
| Dewey Decimal Classification | WISCONSIN INTERNATIONAL UNIVERSITY COLLEGE, GHANA - MAIN LIBRARY | WISCONSIN INTERNATIONAL UNIVERSITY COLLEGE, GHANA - MAIN LIBRARY | Reference | 23/02/2022 | DK40.R848 | 9027/478/22 | 23/02/2022 | 1 | 23/02/2022 | Books |
